000 00493nam a2200145Ia 4500
001 3508
008 180321s ii a g b000 u 465 u
082 _a370.905
100 _aLemesurier, H .
245 0 _aGeneral Report on Public Instruction in Eastern Bengal and Assam for 1907-1908 /
_cH Lemesurier.
_hTextual Documents
260 _aAssam :
_bGovernment of Eastern Bengal and Assam ,
_c1922-23.
300 _a77p. :
_bill ;
_c30 cm. .
653 _aReport--Public Instruction
942 _2ddc
_cBK
999 _c3496
_d3496